000 00617nam a22002417a 4500
003 UA-OsUOA
001 20759
007 ta
008 20031103b un ||||| |||| 00| 0 ukr d
100 _aРакша С. И.
090 _a947
_bР19
942 _cBK
040 _aUA-OsUOA
_brus
_cUA-OsUOA
_dUA-OsUOA
245 _aДнепропетровцы
300 _a130 с.
955 _a0
041 _arus
080 _a947
260 _aМосква
_bВоенное издательство министерства обороны союза ССР
_c1959
044 _aRU
650 7 _2UDC
999 _c306942
_d306942